Чингис-Хан (Запись № 3892614)

Подробности
000 -МАРКЕР
контрольное поле 01336nam0a2200325 i 4500
001 - ИДЕНТИФИКАТОР ЗАПИСИ
контрольное поле RU\NLR\bibl\1977396
005 - ИДЕНТИФИКАТОР ВЕРСИИ
контрольное поле 20260405210415.0
010 ## - МЕЖДУНАРОДНЫЙ СТАНДАРТНЫЙ НОМЕР КНИГИ (ISBN)
Номер (ISBN) 9785958402984
Тираж 3000
021 ## - НОМЕР ГОСУДАРСТВЕННОЙ РЕГИСТРАЦИИ
Код страны Российская Федерация
Номер 2012-90679
Номер Листа государственной регистраци 6709
035 ## - ДРУГИЕ СИСТЕМНЫЕ НОМЕРА
Идентификатор записи (NLR Aleph) 001966159
100 ## - ДАННЫЕ ОБЩЕЙ ОБРАБОТКИ
Данные общей обработки 20121207d2012 u y0rusy50 ca
101 0# - ЯЗЫК РЕСУРСА
Язык текста, звукозаписи и т.д. русский
102 ## - СТРАНА ПУБЛИКАЦИИ ИЛИ ПРОИЗВОДСТВА
Страна публикации Российская Федерация
105 ## - ПОЛЕ КОДИРОВАННЫХ ДАННЫХ: ТЕКСТОВЫЕ МАТЕРИАЛЫ, МОНОГРАФИЧЕСКИЕ
Кодированные данные о монографическом текстовом документе a |||||||||
200 1# - ЗАГЛАВИЕ И СВЕДЕНИЯ ОБ ОТВЕТСТВЕННОСТИ
Основное заглавие Чингис-Хан
Сведения, относящиеся к заглавию поэма
Первые сведения об ответственности Виктор Слипенчук
Последующие сведения об ответственности [ил.: Михаил Тихонов
-- линограв.: Петр Кириллов]
210 ## - ПУБЛИКАЦИЯ, РАСПРОСТРАНЕНИЕ И ДР.
Место издания, распространения и т.д. Москва
Имя издателя, распространителя и т. д. Городец
Дата издания, распространения и т.д. 2012
215 ## - ФИЗИЧЕСКАЯ ХАРАКТЕРИСТИКА
Специфическое обозначение материала и объем 98, [5] с.
Другие сведения о физической характеристике ил., цв. ил., портр.
Размеры 25
Сопроводительный материал 1 электрон. опт. диск (Аудио CD)
600 #0 - ИМЯ ЛИЦА КАК ПРЕДМЕТ
Начальный элемент ввода Чингисхан
Даты 1155 - 1227
Тематический подзаголовок в литературе русской
Системный номер авторитетной/нормативной записи 2200344
Идентификатор авторитетной/нормативной записи RU\NLR\AUTH\6601557178
686 ## - ИНДЕКСЫ ДРУГИХ КЛАССИФИКАЦИЙ
Индекс Ш6(2=Р)8-51
700 #1 - ИМЯ ЛИЦА - ПЕРВИЧНАЯ ОТВЕТСТВЕННОСТЬ
Код отношения Автор
Материалы, к которым относится поле rus
Графика поля Кириллица
Начальный элемент ввода Слипенчук
Часть имени, кроме начального элемента ввода В. Т.
Даты 1941-
Расширение инициалов личного имени Виктор Трифонович
Идентификатор авторитетной/нормативной записи RU\NLR\auth\7793572
Системный номер авторитетной/нормативной записи 76498
702 #1 - ИМЯ ЛИЦА - ВТОРИЧНАЯ ОТВЕТСТВЕННОСТЬ
Код отношения Иллюстратор
Материалы, к которым относится поле rus
Графика поля Кириллица
Начальный элемент ввода Тихонов
Часть имени, кроме начального элемента ввода М. П.
Дополнения к именам, кроме дат художник
Расширение инициалов личного имени Михаил П.
Идентификатор авторитетной/нормативной записи RU\NLR\auth\7793568
Системный номер авторитетной/нормативной записи 76494
702 #1 - ИМЯ ЛИЦА - ВТОРИЧНАЯ ОТВЕТСТВЕННОСТЬ
Начальный элемент ввода Кириллов
Часть имени, кроме начального элемента ввода П.
Расширение инициалов личного имени Петр
Код отношения Иллюстратор
801 #0 - ИСТОЧНИК ЗАПИСИ
Страна Российская Федерация
Организация NLR
Дата составления 20121207
Правила каталогизации RCR
801 #1 - ИСТОЧНИК ЗАПИСИ
Страна Российская Федерация
Организация NLR
Дата составления 20121207
942 ## - ДОПОЛНИТЕЛЬНЫЕ ЭЛЕМЕНТЫ ЗАПИСИ (АБИС)
Тип экземпляра АБИС Книга
980 ## - КОЛЛЕКЦИЯ
Название коллекции НБР

Нет доступных экземпляров.